Misión actual de la universidad católica: fe, amor y esperanza
Salvato in:
| Autore principale: | |
|---|---|
| Natura: | Libro |
| Lingua: | spagnolo |
| Pubblicazione: |
Santiago
Pontificia Universidad Católica de Valparaíso
2008
|
| Soggetti: | |
| Tags: |
Aggiungi Tag
Nessun Tag, puoi essere il primo ad aggiungerne!!
|
MARC
| LEADER | 00000nam a2200000 a 4500 | ||
|---|---|---|---|
| 001 | UCH9376 | ||
| 003 | CL-VaPUC | ||
| 008 | 100107e20080000CL |||||||||||||||||spa|d | ||
| 082 | 0 | 4 | |a 370.01 |b DUA |2 21 |
| 100 | 0 | |a Duarte García de Cortázar, Gonzalo |e author |9 488551 | |
| 245 | 1 | 0 | |a Misión actual de la universidad católica: fe, amor y esperanza |
| 300 | |a 14 h | ||
| 942 | |c BK | ||
| 945 | |d 20100107 00:00:00 |a rbrito | ||
| 260 | |a Santiago |b Pontificia Universidad Católica de Valparaíso |c 2008 | ||
| 650 | 0 | |a Filosofía de la educación |9 258384 | |
| 650 | 0 | |a Educación superior |9 223851 | |
| 583 | |a last modification |c 20100107 00:00:00 |k Rodrigo Vera | ||
| 999 | |c 339361 |d 339359 | ||
| 952 | |0 0 |1 0 |4 0 |6 370_010000000000000_DUA_2008 |7 0 |8 P |9 432982 |a BIBEDU |b BIBEDU |c BIBEDU_PB |d 2019-11-22 |i 4632133 |o 370.01 DUA 2008 |p 4632133 |r 2024-01-25 |w 2019-11-22 |y BK |k EPE | ||
| 952 | |0 0 |1 0 |4 0 |6 370_010000000000000_DUA_2008 |7 0 |8 X |9 432983 |a FDOBUD |b FDOBUD |d 2019-11-22 |i 4687744 |o 370.01 DUA 2008 |p 4687744 |r 2019-11-22 |w 2019-11-22 |y BK_X |k BUD | ||
| 952 | |0 0 |1 0 |4 0 |6 370_010000000000000_DUA_2008 |7 0 |8 X |9 432984 |a FDOBUD |b FDOBUD |d 2019-11-22 |i 4687752 |o 370.01 DUA 2008 |p 4687752 |r 2019-11-22 |w 2019-11-22 |y BK_X |k BUD | ||